Imiona żeńskie na E w rejestrze PESEL - Statystyki

Ogólne statystyki
  • Ten quiz został rozwiązany 124 razy
  • Średni wynik to 6 z 8
Statystyki odpowiedzi
Odpowiedź % Poprawnych
1 Ewa
93%
4 Ewelina
88%
2 Elżbieta
84%
3 Emilia
77%
5 Edyta
67%
8 Elwira
66%
6 Eliza
62%
7 Eugenia
45%
Nie znaleziono quizów pasujących do podanych kryteriów
Rozkład punktacji
Procent ludzi z każdym wynikiem
Percentyl według liczby udzielonych odpowiedzi
Twoja historia wyników
Nie rozwiązałeś tego quizu